<?xml version="1.0" encoding="UTF-8"?>
<record
    xmlns:xsi="http://www.w3.org/2001/XMLSchema-instance"
    xsi:schemaLocation="http://www.loc.gov/MARC21/slim http://www.loc.gov/standards/marcxml/schema/MARC21slim.xsd"
    xmlns="http://www.loc.gov/MARC21/slim">

  <leader>00641nam a22001937a 4500</leader>
  <controlfield tag="003">OSt</controlfield>
  <controlfield tag="005">20240601102712.0</controlfield>
  <controlfield tag="008">240601b           ||||| |||| 00| 0 eng d</controlfield>
  <datafield tag="040" ind1=" " ind2=" ">
    <subfield code="c">AIMIT LIBRARY</subfield>
  </datafield>
  <datafield tag="100" ind1=" " ind2=" ">
    <subfield code="a">N, Pavana.</subfield>
    <subfield code="9">168916</subfield>
  </datafield>
  <datafield tag="245" ind1=" " ind2=" ">
    <subfield code="a">Video analytics : </subfield>
    <subfield code="b">object detection using deep neural networks /</subfield>
    <subfield code="c">By Pavana N ; Guided by Vanitha T and Kevin Joy D Souza.</subfield>
  </datafield>
  <datafield tag="260" ind1=" " ind2=" ">
    <subfield code="a">Udupi</subfield>
    <subfield code="c">2022</subfield>
  </datafield>
  <datafield tag="650" ind1=" " ind2=" ">
    <subfield code="a">Model building</subfield>
    <subfield code="9">168917</subfield>
  </datafield>
  <datafield tag="650" ind1=" " ind2=" ">
    <subfield code="a">Data inputs</subfield>
    <subfield code="9">168918</subfield>
  </datafield>
  <datafield tag="700" ind1=" " ind2=" ">
    <subfield code="a">T, Vanitha.</subfield>
    <subfield code="e">Guide</subfield>
    <subfield code="9">168919</subfield>
  </datafield>
  <datafield tag="700" ind1=" " ind2=" ">
    <subfield code="a">D Souza, Kevin Joy.</subfield>
    <subfield code="9">168920</subfield>
  </datafield>
  <datafield tag="856" ind1=" " ind2=" ">
    <subfield code="3">Niveus Solutions Pvt Ltd</subfield>
    <subfield code="y">www.niveussolutions.com</subfield>
  </datafield>
  <datafield tag="942" ind1=" " ind2=" ">
    <subfield code="2">ddc</subfield>
    <subfield code="c">PRO</subfield>
  </datafield>
  <datafield tag="999" ind1=" " ind2=" ">
    <subfield code="c">231004</subfield>
    <subfield code="d">231004</subfield>
  </datafield>
  <datafield tag="952" ind1=" " ind2=" ">
    <subfield code="0">0</subfield>
    <subfield code="1">0</subfield>
    <subfield code="2">ddc</subfield>
    <subfield code="4">0</subfield>
    <subfield code="7">1</subfield>
    <subfield code="8">Project_BDA</subfield>
    <subfield code="a">AIMIT</subfield>
    <subfield code="b">AIMIT</subfield>
    <subfield code="c">PRB</subfield>
    <subfield code="d">2024-06-01</subfield>
    <subfield code="l">0</subfield>
    <subfield code="p">PBD00044</subfield>
    <subfield code="r">2024-06-01 00:00:00</subfield>
    <subfield code="t">202019</subfield>
    <subfield code="u">www.niveussolutions.com</subfield>
    <subfield code="w">2024-06-01</subfield>
    <subfield code="y">PRO</subfield>
  </datafield>
</record>
